01593nam a22002057a 4500003000900000005001700009008004100026040002800067100005300095245024800148260004100396300002300437502019100460504005300651505045300704700005201157700002801209700003201237830011801269DO-SdBJH20230323154111.0230323b |||||||| |||| 00| 0 spa d aDO-SdBJHbspacDO-SdBJH1 aDe los Santos Herrera, Deivy Junioresustentante10aPropuesta de utilización de lo sistema aéreos pilotados a distancia (RPAS) en apoyo a las operaciones de defensas aéreas / c Deivy Junior De los Santos Herrera, Dannel Aniel Pérez de Jesús, asesores Medina Guerrero, Francisco Acosta aSanto Domingo Este :bINSUDE, c2021 axiii, 73 páginas aTrabajo de grado (Licenciatura en Ciencias Aeronáuticas) -- Instituto Superior para la Defensa (INSUDE). -- Academia Aérea Gral. De Brigada Piloto Frank Andrés Feliz Miranda, 2021. aIncluye referencias bibliográficas e índices aLos antecedentes históricos de los sistema aéreos pilotados a distancia (RPAS). antecedentes históricos de la Fuerza Aérea y de la Defensa Aérea. -- Clasificación de los drones, legislaciones que apoyan al desarrollo de las organizaciones de defensa aérea en la República Dominicana. -- Como podemos aplicar los sistema aéreos pilotados a distancia (RPAS) en apoyo a las operaciones de Defensa Aérea de la República Dominicana1 aPérez de Jesús, Dannel Aniel esustentante1 aMedina Guerreroeasesor1 a Acosta, Francisco easesor aINSUDE. Academia Aérea Gral. De Brig. Pil. Frank Andrés Feliz Miranda. Tesis y disertaciones académicas